000 00633cam a22001935a 4500
001 ##J100715
008 000000s1909 000 0 eng u
035 _a(Sirsi) u100715
041 0 _aeng
050 0 4 _a942.273 $2 22
110 2 _aAuctioneers' Institute of the United Kingdom
_93785
245 0 0 _aAnnual provincial meeting at Swansea 1909
260 _a[S.l.]
_b[s.n.]
_c1909
300 _a16p.
_bill
_c15cm.
520 _aPamphlet outlining members of the council, itinerary, general arrangements of the institution's work visit to Swansea.
651 4 _aGreat Britain
_y1707-
690 _aAuctioneering
_96218
942 _n0
999 _c99772
_d99772